| 000 | 01306nam a2200337 i 4500 | ||
|---|---|---|---|
| 001 | 196398 | ||
| 003 | ES-MaACL | ||
| 005 | 20250822050007.0 | ||
| 008 | 240924b2024 sp ||||| |||| 00| 0 spa d | ||
| 020 | _a9789878013237 | ||
| 040 |
_bspa _cES-MaACL |
||
| 082 | _a158.1 | ||
| 100 | 1 |
_aPeña, Marcos _9238887 _eaut |
|
| 245 | 1 |
_aEl arte de subir y bajar la montaña : _bcosas que aprendí sobre la dimensión humana del liderazgo / _cMarcos Peña |
|
| 250 | _aPrimera edición | ||
| 260 |
_aCiudad Autónoma de Buenos Aires : _bSiglo XXI Editores, _c2024 |
||
| 264 | _a©2024 | ||
| 300 |
_a252 páginas ; _c23 cm |
||
| 336 |
_2rdacontent _atexto |
||
| 337 |
_2rdamedia _asin mediación |
||
| 338 |
_2rdacarrier _avolumen |
||
| 650 | 7 |
_aLiderazgo _2embne _914457 |
|
| 650 | 7 |
_aSalud mental _2embne _916972 |
|
| 650 | 4 |
_aExperiencias personales _9241361 |
|
| 852 |
_aES-MaACL _cDEPOJ _jN-10164 _gDedicatoria autógrafa del autor _hDonación: Marcos Peña _xEncuadernación rústica _9206291 |
||
| 903 |
_9238887 _aPeña, Marcos _ednr |
||
| 942 |
_cMONOGRAFIA _n0 |
||
| 999 |
_c196398 _d196398 |
||